000 00370nam a22001337a 4500
020 _a9780412727108
040 _cNust
082 _a620.0042
_bADV'G
100 _aJohn Gero
_9127299
245 _aAdvances in formal design method for CAD
260 _aLondon:
_bChapman and Hall,
_c1996.
650 _aAdvances in formal design method for CAD
_9127300
942 _2ddc
_cBK
999 _c612464
_d612464